000 00304nam a22001337a 4500
008 171227b xxu||||| |||| 00| 0 eng d
020 _a9780312607845
041 _aeng
080 _26 ED
_a37
100 _a40
101 _aEDU
245 _aTHE ST MARTIN HANDBOOK
_cLUNSFORD.A.A
942 _2udc
_cBK
999 _c39476
_d39476